Reliability quality and safety
Kaydedildi:
| Yazar: | |
|---|---|
| Materyal Türü: | Kitap |
| Dil: | Undetermined |
| Baskı/Yayın Bilgisi: |
New York
CRC Press
2005
|
| Konular: | |
| Etiketler: |
Etiketle
Etiket eklenmemiş, İlk siz ekleyin!
|
| Thư viện lưu trữ: | Trung tâm Học liệu Trường Đại học Cần Thơ |
|---|
| LEADER | 00536nam a2200193Ia 4500 | ||
|---|---|---|---|
| 001 | CTU_88192 | ||
| 008 | 210402s9999 xx 000 0 und d | ||
| 020 | |c 2249000 | ||
| 082 | |a 620.00452 | ||
| 082 | |b D322 | ||
| 100 | |a Dhillon, B. S. | ||
| 245 | 0 | |a Reliability quality and safety | |
| 245 | 0 | |c B. S. Dhillon | |
| 260 | |a New York | ||
| 260 | |b CRC Press | ||
| 260 | |c 2005 | ||
| 650 | |a Reliability (engineering),Engineering design,Industrial safety | ||
| 904 | |i Năm | ||
| 980 | |a Trung tâm Học liệu Trường Đại học Cần Thơ | ||